00594 a2200181 450000100060000002000180000604000240002410000210004824000350006924500300010430000060013436200090014065000310014994200070018095201040018795201040029199900170039546253 a9788574064666 cAnchieta - Aquarius aLOREIRO, Lená.10aA cozinha da Dona Nininhalpor10aA cozinha da Dona Nininha a 0 a2012 4aLiteratura infanto-juvenil cBK 00104070a87.1b87.1d2023-11-21l0o028.5 LOR COZp3868/AQUr2023-11-21 15:12:40w2023-11-21yBK 00104070a87.1b87.1d2023-11-21l0o028.5 LOR COZp6794/AQUr2023-11-21 15:12:40w2023-11-21yBK c46253d46253